Forbes (Запис № 372859)
[ простий вигляд ]
| 000 -Лідер | |
|---|---|
| fixed length control field | 01398cas a22003017a 4500 |
| 001 - Контрольний номер | |
| control field | 86682 |
| 003 - Ідентифікатор контрольного номера | |
| control field | UA-OsUOA |
| 005 - Дата та час останнього входження (трансакції) | |
| control field | 20260114143502.0 |
| 007 - Фіксоване поле фізичного опису | |
| fixed length control field | ta |
| 008 - Елементи даних фіксованої довжини – загальна інформація | |
| fixed length control field | 201209c20112016un mr|p||00| 0 cdrus d |
| 040 ## - Джерело каталогізації | |
| Агенція оригінальної каталогізації | UA-OsUOA |
| Мова каталогізації | ukr |
| Агенція, яка здійснювала перезапис | UA-OsUOA |
| Агенція, яка здійснювала модифікацію | UA-OsUOA |
| 041 ## - Код мови | |
| Код мови тексту/ звукової доріжки чи окремого заголовка (П) | rus |
| 044 ## - Код країни видавця/ виробника | |
| Код країни видавця/ виробника (П) | UA |
| 080 ## - Індекс Універсальної десяткової класифікації | |
| Індекс Універсальної десяткової класифікації (УДК) (НП) | 32 |
| 090 ## - Локальний шифр розміщення | |
| Класифікаційний індекс УДК | 32 |
| Авторський знак (НП) | F79 |
| 110 ## - Наймення організації – загальна інформація | |
| Найменування колективу або юрисдикції як початковий елемент введення | Видавець журналу - UMH group |
| 9 (RLIN) | 23034 |
| 245 ## - Відомості про назву | |
| Назва (НП) | Forbes |
| Дані про відповідальність (НП) | гол. ред. Федорин В. |
| 260 ## - Публікація, розповсюдження і т.п. (Вихідні дані) | |
| Місце публікації, розповсюдження і т.п. (П) | К. |
| 306 ## - Тривалість програвання | |
| Тривалість програвання | щомісяця |
| 520 ## - Резюме і т.п. | |
| Резюме, реферат, анотація, тощо (НП) | Українська версія журналу «Forbes Україна» видається російською мовою з березня 2011 року. Видавцем журналу виступила UMH group. Про отримання ліцензії на видання заявив засновник UMH group Борис Ложкін 13 серпня 2010 року. Першим головним редактором став Володимир Федорін, до цього обіймав посаду заступника головного редактора російської версії Forbes. |
| 650 #7 - Додаткове предметне введення – тематичний термін | |
| Тематичний термін чи географічна назва, як елемент введення (НП) | 32 Політика |
| Джерело заголовка чи терміна | UDC |
| 9 (RLIN) | 1654 |
| 856 40 - Електронне місцезнаходження та доступ | |
| Уніфікований ідентифікатор ресурсу (П) | https://www.forbes.com/#1e11d1ca2254 |
| 942 ## - Додаткові елементи входу (Коха) | |
| Тип елемента Koha | Журнал |
| Source of classification or shelving scheme | Universal Decimal Classification |
| Serial record | 1 |
| 955 ## - Код типу видання за змістом | |
| Код типу видання за змістом (НП) | інше |
| 962 ## - Рік початку публікації | |
| Рік | 2011 |
| Стан вилучень | Стан втрат | Джерело класифікації або схеми стелажів | Стан уражень | Не для кредиту | Постійне місце розташування | Поточне розміщення | Дата придбання | Послідовне перерахування / хронологія | Усього замовленно | Повний номер виклику | Штрих-код | Дата останнього перегляду | Ціна ефективна від | Тип елемента Koha |
|---|---|---|---|---|---|---|---|---|---|---|---|---|---|---|
| Universal Decimal Classification | ВП - Відділ періодики НБ | ВП - Відділ періодики НБ | 12/03/2026 | 1 (40) | 32 F79 | 2162214035926635 | 12/03/2026 | 12/03/2026 | Номер журналу |